=LDR 00000nam 2200000 4500 =001 NUTBA000000000002955 =005 20140714103015.0 =006 =007 =008 =020 ##$$a 979-002-386-3 =035 ##$$a 0010-071400000000143 =040 ##$$a NBPDMAT =082 ##$$a 636.39 =090 ##$$a 636.39 Sut p =100 ##$$a Sutama I Ketut =245 ##$$a Panduan lengkap kambing dan domba / $c I Ketut Sutama, IGM Budiarsana =250 ##$$a Cet. 4 =260 ##$$a Jakarta : $b Penebar Swadaya, $c 2013 =300 ##$$a 204 hlm : $b ilus. ; $c 25 cm. =650 ##$$a Kambing =990 ##$$a 21403202 =990 ##$$a 21400613/BPAP-NTB/20142014 =990 ##$$a 21400613/BPAP-NTB/20142014 =990 ##$$a 21400613/BPAP-NTB/20142014 =990 ##$$a 21400613/BPAP-NTB/20142014 =990 ##$$a 21400613/BPAP-NTB/20142014